The Sydney Quiz - Statistics

General Stats
  • This quiz has been taken 620 times
  • The average score is 8 of 10
Answer Stats
Question Answer % Correct
It's famous bridge" Sydney ______ Bridge Harbour
96%
Bondi, Palm, Whale and Avalon are all what? Beaches
93%
It hosted this event in 2000 Olympic Games
91%
English captain who sailed into Sydney in 1770 James Cook
89%
Famous "musical" building located in the same body of water: Sydney _____ _____ Opera House
89%
It is the capital of this state New South Wales
84%
It is the largest city in this country Australia
80%
The bay he sail into Botany Bay
76%
Harbour containing the "Madame Tussauds Wax Museum" Darling Harbour
71%
It is located in in this County Cumberland
23%
No matching quizzes found
Score Distribution
Percent of People with Each Score
Percentile by Number Answered
Your Score History
You have not taken this quiz